Random French to English - Animals - Statistics

General Stats
  • This quiz has been taken 1,037 times
  • The average score is 5 of 10
Answer Stats
French English % Correct
Éléphant Elephant
100%
Tortue Turtle
100%
Zèbre Zebra
100%
Gorille Gorilla
98%
Serpent Snake
97%
Zèbre Zebra
97%
Tigre Tiger
96%
Dauphin Dolphin
95%
Girafe Giraffe
95%
Tigre Tiger
95%
Escargot Snail
93%
Chat Cat
92%
Léopard Leopard
92%
Lézard Lizard
92%
Coyote Coyote
90%
Tortue Turtle
88%
Poisson Fish
87%
Hyène Hyena
87%
Kangourou Kangaroo
87%
Oiseau Bird
86%
Poulet Chicken
83%
Caméléon Chameleon
82%
Crabe Crab
82%
Chien Dog
82%
Antilope Antelope
80%
Faucon Falcon
80%
Aigle Eagle
79%
Poney Pony
78%
Canard Duck
75%
Cheval Horse
75%
Pingouin Penguin
74%
Papillon Butterfly
73%
Souris Mouse
73%
Mouton Sheep
72%
Abeille Bee
71%
Loup Wolf
70%
Lama Llama
69%
Perroquet Parrot
69%
Araignée Spider
67%
Buffle Buffalo
66%
Babouin Baboon
65%
Vache Cow
65%
Moustique Mosquito
65%
Lapin Rabbit
65%
Grenouille Frog
63%
Calamar Squid
63%
Ours Bear
61%
Baleine Whale
60%
Autruche Ostrich
59%
Cygne Swan
59%
Cochon Pig
56%
Renard Fox
55%
Loup Wolf
54%
Chameau Camel
53%
Singe Monkey
53%
Araignée Spider
53%
Taureau Bull
50%
Chèvre Goat
50%
Poisson Rouge Goldfish
50%
Dinde Turkey
48%
Fourmi Ant
46%
Coq Rooster
46%
Requin Shark
46%
Phoque Seal
45%
Baleine Whale
45%
Scarabée Beetle
44%
Calamar Squid
41%
Dinde Turkey
41%
Ver Worm
39%
Cerf Deer
37%
Méduse Jellyfish
36%
Écureil Squirrel
36%
Chauve-Souris Bat
35%
Écureil Squirrel
35%
Mouche Fly
34%
Furet Ferret
33%
Mouche Fly
33%
Ver Worm
33%
Âne Donkey
32%
Guêpe Wasp
32%
Agneau Lamb
30%
Guépard Cheetah
28%
Bovins Cattle
27%
Huître Oyster
27%
Paon Peacock
27%
Poule Hen
26%
Hibou Owl
26%
Loutre Otter
25%
Homard Lobster
24%
Limace Slug
24%
Anguille Eel
22%
Pieuvre Octopus
22%
Oie Goose
21%
Crapaud Toad
19%
Cafard Cockroach
18%
Morse Walrus
18%
Castor Beaver
17%
Hérisson Hedgehog
17%
Orignal Moose
16%
Ornithorynque Platypus
16%
Renne Reindeer
16%
Lièvre Hare
15%
Lamantin Manatee
14%
Moufette Skunk
14%
Chenille Caterpillar
13%
Cigogne Stork
13%
Libellule Dragonfly
11%
Élan Elk
11%
Suricate Meerkat
11%
Corbeau Raven
11%
Belette Weasel
10%
Luciole Firefly
9%
Oryctérope Aardvark
7%
Coccinelle Ladybird
7%
Blaireau Badger
5%
Sauterelle Grasshopper
5%
Tamia Chipmunk
0%
Grue Crane
0%
Triton Newt
0%
Bélier Ram
0%
No matching quizzes found
Score Distribution
Percent of People with Each Score
Percentile by Number Answered
Your Score History
You have not taken this quiz